Library of the University of Algiers 3
Ibrahim Sultan Cheibout
شعار جامعة الجزائر 3
مكتبة جامعة الجزائر 3
إبراهيم سلطان شيبوط

إدارة المخاطر التشغيلية في الأزمات الإقتصادية (وفقا لمعايير Basell) / (رقم التسجيلة. 44336)

تفاصيل مارك
000 -LEADER
fixed length control field 01475nam a2200265Ia 4500
003 - CONTROL NUMBER IDENTIFIER
control field Ost
005 - DATE AND TIME OF LATEST TRANSACTION
control field 20260507075408.0
008 - FIXED-LENGTH DATA ELEMENTS--GENERAL INFORMATION
fixed length control field 260507s9999||||xx |||||||||||||| ||und||
020 ## - INTERNATIONAL STANDARD BOOK NUMBER
International Standard Book Number 9355125977
040 ## - CATALOGING SOURCE
Transcribing agency fsecg
041 ## - LANGUAGE CODE
Language code of text/sound track or separate title ara
082 ## - DEWEY DECIMAL CLASSIFICATION NUMBER
Classification number 330
100 ## - MAIN ENTRY--PERSONAL NAME
Personal name شيريستال، جوسيف
Relator term مؤلف
245 #0 - TITLE STATEMENT
Title إدارة المخاطر التشغيلية في الأزمات الإقتصادية (وفقا لمعايير Basell) /
Statement of responsibility, etc. جوسيف شيريستال
260 ## - PUBLICATION, DISTRIBUTION, ETC.
Place of publication, distribution, etc. الإسكندرية:
Name of publisher, distributor, etc. المكتب العربي الحديث,
Date of publication, distribution, etc. 2009
300 ## - PHYSICAL DESCRIPTION
Extent 251 صفحة؛
Other physical details إيضاحات ؛
Dimensions 25 سم
504 ## - BIBLIOGRAPHY, ETC. NOTE
Bibliography, etc. note ملحق ص.225 ؛ المراجع ص.227
520 ## - SUMMARY, ETC.
Summary, etc. أسباب وتعريف المخاطر التشغيلية، أساليب إدارة الخطر التشغيلي، الإبلاغ عن الخطر ودور المعلومات والإتصالات، الإجراءات المحددة لإدارة الخطر التشغيلي، بازل 4 متطلبات ومعايير رأس المال طبقا للأساليب المختلفة، أساليب قياس متقدمة، متطلبات رأس المال لتغطية الخطر التشغيلي في الشركات الإستثمارية
653 ## - INDEX TERM--UNCONTROLLED
Uncontrolled term أخطار المهنة
653 ## - INDEX TERM--UNCONTROLLED
Uncontrolled term الأزمات الإقتصادية
653 ## - INDEX TERM--UNCONTROLLED
Uncontrolled term الحوادث الصناعية
653 ## - INDEX TERM--UNCONTROLLED
Uncontrolled term المخاطر
700 ## - ADDED ENTRY--PERSONAL NAME
Personal name بريبيل، كورت
Relator term مؤلف ثانوي
942 ## - ADDED ENTRY ELEMENTS (KOHA)
Koha item type كتب
المقتنيات
Withdrawn status Lost status Source of classification or shelving scheme Damaged status Not for loan Home library Current library Date acquired Serial enumeration / chronology Inventory number Total checkouts Full call number Barcode Date last seen Price effective from Koha item type
    Dewey Decimal Classification   NOT LOAN / إعارة داخلية مكتبة كلية العلوم الإقتصادية والعلوم التجارية وعلوم التسيير مكتبة كلية العلوم الإقتصادية والعلوم التجارية وعلوم التسيير 07/05/2026 الطابق الأرضي 26547   أ/4372ن1 26547 07/05/2026 07/05/2026 كتب
    Dewey Decimal Classification   Available مكتبة كلية العلوم الإقتصادية والعلوم التجارية وعلوم التسيير مكتبة كلية العلوم الإقتصادية والعلوم التجارية وعلوم التسيير 07/05/2026 الطابق الأرضي 26548   أ/4372ن2 26548 07/05/2026 07/05/2026 كتب
    Dewey Decimal Classification   Available مكتبة كلية العلوم الإقتصادية والعلوم التجارية وعلوم التسيير مكتبة كلية العلوم الإقتصادية والعلوم التجارية وعلوم التسيير 07/05/2026 الطابق الثاني 26549   أ/4372ن3 26549 07/05/2026 07/05/2026 كتب

موارد الويب المفتوحة


© University of Algiers 3 All Rights Reserved
|
Implemented by LECHELAH Riad